[Event "URS-chT"]
[Site "Naberezhnie Chelni"]
[Date "1988.??.??"]
[Round "?"]
[White "Piskov, Yury"]
[Black "Goldin, Alexander"]
[Result "1/2-1/2"]
[WhiteElo "2415"]
[BlackElo "2530"]

1.d4 Nf6 2.c4 e6 3.Nf3 Bb4+ 4.Bd2 a5 5.Nc3 d5 6.a3 Be7 7.Bf4 O-O 8.e3 b6
9.cxd5 Nxd5 10.Nxd5 exd5 11.Bd3 Bd6 12.Ne5 Ba6 13.Bxa6 Rxa6 14.Rc1 Qe7 15.Qb3 c6
16.O-O Qe6 17.e4 dxe4 18.Qxe6 fxe6 19.Bg3 c5 20.Rfe1 Bxe5 21.Bxe5 Nc6 22.Bd6 Rd8
23.dxc5 bxc5 24.Bxc5 Ne5 25.Rxe4 Nd3 26.Rd1 Rd5 27.Rd4 Nxc5 28.Rxd5 exd5
29.Rxd5 Rc6 30.g4 a4 31.h4 Nb3 32.Kg2 Rc4 33.Kg3 Rc2 34.Rd8+ Kf7 35.Ra8 Nc5
36.Ra7+ Kf6 37.Ra5 Ke5 38.f3 g6 39.g5 Kf5 40.Ra7 Rxb2 41.Rxh7 Rb7 42.Rh8 Rb3
43.Rf8+ Ke5 44.h5 gxh5 45.g6 Ne6 46.Rf7 Rb1 47.Kf2 Rb8 48.Ke3 h4 49.Rh7 Nf4
50.Re7+ Kd6 51.Ra7 Nd5+ 52.Kd4 Nc7 53.Rxa4 h3 54.Ke3 h2 55.Rh4 Rb2 56.g7 Rg2
57.Rxh2 Rxg7  1/2-1/2

[Event "URS-chT"]
[Site "Naberezhnie Chelni"]
[Date "1988.??.??"]
[Round "?"]
[White "Shabalov, Alexander"]
[Black "Goldin, Alexander"]
[Result "1/2-1/2"]
[WhiteElo "2430"]
[BlackElo "2530"]

1.c4 e5 2.Nc3 Nc6 3.Nf3 g6 4.d4 exd4 5.Nxd4 Bg7 6.Nxc6 bxc6 7.g3 Ne7 8.Bg2 O-O
9.O-O Rb8 10.Qc2 Nf5 11.Rd1 Qe7 12.e3 Qb4 13.Na4 Nd6 14.Bf1 Ne4 15.a3 Qe7
16.Bd2 d6 17.Be1 Re8 18.Rac1 h5 19.Nc3 Bg4 20.Be2 Bxc3 21.Bxc3 Nxc3 22.bxc3 Bxe2
23.Qxe2 c5 24.Re1 Qe4 25.f3 Qc6 26.e4 Rb3 27.f4 Re6 28.f5 gxf5 29.Qxh5 fxe4
30.Re2 Re5 31.Qg4+ Kf8 32.Qc8+ Ke7 33.Rf2 Qb7 34.Rxf7+ Kxf7 35.Qd7+ Kg6 36.Rf1 Rb1
37.Qf7+ Kh6 38.Qf6+ Kh7 39.Qf7+ Kh6 40.Qf6+ Kh7 41.Qf7+ Kh8 42.Qf8+ Kh7 43.Qf7+ Kh6
44.Qf6+  1/2-1/2

[Event "Rubinstein mem"]
[Site "Polanica Zdroj"]
[Date "1988.??.??"]
[Round "1"]
[White "Wojtkiewicz, Aleksander"]
[Black "Goldin, Alexander"]
[Result "0-1"]
[WhiteElo "2420"]
[BlackElo "2530"]

1.Nf3 d5 2.c4 e6 3.b3 Nf6 4.g3 c5 5.Bg2 Nc6 6.O-O Be7 7.Bb2 d4 8.e3 e5 9.exd4 exd4
10.d3 O-O 11.a3 a5 12.Re1 h6 13.Ne5 Nxe5 14.Rxe5 Bd6 15.Re1 Bg4 16.Qc2 Qb6
17.Nd2 a4 18.b4 cxb4 19.axb4 Bxb4 20.Reb1 Qd6 21.Bxb7 Rab8 22.Ne4 Nxe4 23.Bxe4 Bd7
24.Bc1 Qc5 25.Bd2 Bxd2 26.Qxd2 Rfe8 27.Rxb8 Rxb8 28.Qf4 Rb6 29.Bd5 Be6 30.Bxe6 fxe6
31.Qe4 Ra6 32.Rb1 Rb6 33.Qa8+ Kh7 34.Qe4+ Kg8 35.Ra1 Ra6 36.Kg2 a3 37.Rb1 a2
38.Rb8+ Qf8 39.Rxf8+ Kxf8 40.Qf4+ Kg8 41.Qb8+ Kh7  0-1

[Event "Rubinstein mem"]
[Site "Polanica Zdroj"]
[Date "1988.??.??"]
[Round "2"]
[White "Goldin, Alexander"]
[Black "Bronstein, David I"]
[Result "1-0"]
[WhiteElo "2530"]
[BlackElo "2455"]

1.d4 Nf6 2.c4 d6 3.Nf3 g6 4.g3 Bg7 5.Bg2 O-O 6.O-O Nbd7 7.Nc3 e5 8.e4 a6
9.Qc2 c6 10.Rd1 Re8 11.h3 Bf8 12.Be3 b5 13.dxe5 dxe5 14.c5 Qc7 15.b4 a5 16.a3 a4
17.Rac1 Rb8 18.Qb2 Nh5 19.Nd5 cxd5 20.exd5 e4 21.d6 Qd8 22.Ng5 Ne5 23.c6 Qf6
24.Qc2 Nc4 25.d7 Bxd7 26.cxd7 Nxe3 27.dxe8=Q Rxe8 28.Nxe4 Rxe4 29.Qxe4 Nxd1
30.Rxd1  1-0

[Event "Rubinstein mem"]
[Site "Polanica Zdroj"]
[Date "1988.??.??"]
[Round "3"]
[White "Borges Mateos, Juan"]
[Black "Goldin, Alexander"]
[Result "0-1"]
[WhiteElo "2535"]
[BlackElo "2530"]

1.d4 Nf6 2.c4 e6 3.Nf3 Bb4+ 4.Bd2 Qe7 5.Nc3 O-O 6.Qc2 d5 7.e3 b6 8.cxd5 exd5
9.Rc1 a6 10.Bd3 Bb7 11.Ne5 Bd6 12.f4 c5 13.O-O c4 14.Bf5 g6 15.Bh3 b5 16.g4 b4
17.g5 Nfd7 18.Ne2 Bxe5 19.fxe5 Qxg5+ 20.Bg2 Qe7 21.e4 dxe4 22.Qxc4 Nc6 23.Bh6 Rfe8
24.Bxe4 Ncxe5 25.dxe5 Nxe5 26.Qc2 Rac8 27.Qb1 Ng4 28.Bxb7 Qxb7  0-1

[Event "Rubinstein mem"]
[Site "Polanica Zdroj"]
[Date "1988.??.??"]
[Round "5"]
[White "Petrosian, Arshak B"]
[Black "Goldin, Alexander"]
[Result "1/2-1/2"]
[WhiteElo "2460"]
[BlackElo "2530"]

1.d4 Nf6 2.c4 e6 3.Nf3 Bb4+ 4.Bd2 Qe7 5.g3 b6 6.Bg2 Bb7 7.Nc3 Bxc3 8.Bxc3 Ne4
9.Rc1 d6 10.d5 e5 11.O-O Nxc3 12.Rxc3 O-O 13.e4 Nd7 14.Qc2 a5 15.b3 c5 16.Nd2 Ba6
17.a4 Rae8 18.f4 exf4 19.gxf4 Bc8 20.Bh3 Nf6 21.Bxc8 Rxc8 22.Rg3 Rce8 23.Qc3 g6
24.Re3 Nh5 25.Kh1 f6 26.Ree1  1/2-1/2

[Event "Rubinstein mem"]
[Site "Polanica Zdroj"]
[Date "1988.??.??"]
[Round "6"]
[White "Goldin, Alexander"]
[Black "Borkowski, Franciszek"]
[Result "1-0"]
[WhiteElo "2530"]
[BlackElo "2410"]

1.d4 Nf6 2.c4 c6 3.Nf3 d5 4.Qc2 dxc4 5.Qxc4 Bf5 6.Nc3 e6 7.Bg5 Qb6 8.O-O-O Ne4
9.Nxe4 Bxe4 10.Nd2 Bd5 11.Qa4 Bb4 12.e4 Qxd4 13.Nc4 Qc5 14.Be3 Qe7 15.exd5 exd5
16.Nb6 axb6 17.Qxa8 O-O 18.Qa4 Nd7 19.Qc2 Ra8 20.Kb1 h6 21.Be2 b5 22.h4 Ne5
23.b3 Qd8 24.Bd4 Nd7 25.Bg4 Nf6 26.Bf5 Qd6 27.Rh3 Nh5 28.Re3 c5 29.Be5 Qc6
30.g4 d4 31.Re2 Nf6 32.Bxf6 Qxf6 33.h5 c4 34.bxc4 bxc4 35.Qxc4 Bc3 36.Qb5 g6
37.hxg6 fxg6 38.Re6 Qf7 39.Rxg6+ Kf8 40.Qc5+ Ke8 41.Re6+ Kd8 42.Qb6+  1-0

[Event "Rubinstein mem"]
[Site "Polanica Zdroj"]
[Date "1988.??.??"]
[Round "7"]
[White "Jasnikowski, Zbigniew"]
[Black "Goldin, Alexander"]
[Result "1/2-1/2"]
[WhiteElo "2425"]
[BlackElo "2530"]

1.d4 Nf6 2.c4 e6 3.Nf3 d5 4.Nc3 Be7 5.Bg5 O-O 6.e3 Nbd7 7.Rc1 a6 8.c5 c6
9.Bd3 b6 10.cxb6 Qxb6 11.O-O Bd6 12.Qc2 Bb7 13.Na4 Qc7 14.Nc5 Bxc5 15.Bxf6 Nxf6
16.Qxc5 Nd7 17.Qc2 h6 18.e4 dxe4 19.Bxe4 Rac8 20.Qb3 Nf6 21.Bb1 Rfd8 22.Rc5 Rd5
23.Rfc1 Rcd8 24.h3 R8d6 25.Qc3 Qb6 26.b4 Rd8 27.a3 Nd7 28.Rxd5 cxd5 29.Ne5 Nxe5
30.dxe5 d4 31.Qc7 Qxc7 32.Rxc7 d3 33.Rxb7  1/2-1/2

[Event "Rubinstein mem"]
[Site "Polanica Zdroj"]
[Date "1988.??.??"]
[Round "8"]
[White "Goldin, Alexander"]
[Black "Staniszewski, Piotr"]
[Result "1/2-1/2"]
[WhiteElo "2530"]
[BlackElo "2425"]

1.c4 e5 2.g3 Nf6 3.Bg2 d5 4.cxd5 Nxd5 5.Nc3 Nb6 6.d3 Be7 7.Be3 O-O 8.Rc1 Kh8
9.Nf3 Nc6 10.O-O Bg4 11.Ne4 Nd4 12.Nxd4 exd4 13.Bf4 c6 14.Nc5 Bxc5 15.Rxc5 Re8
16.Re1 f6 17.b4 Qd7 18.a4 Rac8 19.Bc1 Qe6 20.a5 Nd5 21.Qd2 Nc3 22.f3 Bf5
23.e4 Bg6 24.Bb2 Nb5 25.f4 Bf7 26.Rec1 Qd7 27.Ra1 Kg8 28.Rcc1 a6 29.Rc5 Kf8
30.Bf3 Ke7 31.Re1 Kd8 32.Bd1 Kc7 33.Ba4 Kb8 34.Qf2 Rcd8 35.Bxb5 axb5 36.Rec1 Ka7
37.e5 f5 38.a6 Kxa6 39.Ra1+ Kb6 40.Ra5 Bb3 41.Qd2 Ra8 42.Rxa8 Rxa8 43.Qc1 Ra2
44.Rxb5+ Kc7 45.Ra5 Rxa5 46.bxa5 Qd5 47.Qa1  1/2-1/2

[Event "Rubinstein mem"]
[Site "Polanica Zdroj"]
[Date "1988.??.??"]
[Round "9"]
[White "Teske, Henrik"]
[Black "Goldin, Alexander"]
[Result "0-1"]
[WhiteElo "2405"]
[BlackElo "2530"]

1.e4 c5 2.Nf3 Nc6 3.c3 d5 4.exd5 Qxd5 5.d4 Bg4 6.Be2 cxd4 7.cxd4 e6 8.Nc3 Qa5
9.O-O Nf6 10.h3 Bh5 11.a3 Be7 12.Qb3 Qb6 13.Qxb6 axb6 14.Be3 O-O 15.g4 Bg6
16.Ne5 Rfd8 17.Rfd1 Bc2 18.Rd2 Bb3 19.Nc4 b5 20.Nb6 b4 21.Nca4 Rxa4 22.Nxa4 Bxa4
23.axb4 Bb3 24.b5 Nb4 25.Bf3 Nfd5 26.b6 f5 27.Ra7 f4 28.Bxd5 Nxd5 29.Rxb7 fxe3
30.fxe3 Bg5 31.Re2 Bxe3+ 32.Kh2 Bxd4 33.Rxe6 Ne3 34.Ree7 Bd5  0-1

[Event "Rubinstein mem"]
[Site "Polanica Zdroj"]
[Date "1988.??.??"]
[Round "10"]
[White "Goldin, Alexander"]
[Black "Chernin, Alexander"]
[Result "1/2-1/2"]
[WhiteElo "2530"]
[BlackElo "2565"]

1.d4 d5 2.c4 e6 3.Nf3 Nf6 4.Nc3 Be7 5.Bg5 h6 6.Bxf6 Bxf6 7.e3 c6 8.Rc1 Nd7
9.Bd3 O-O 10.O-O dxc4 11.Bxc4 e5 12.Ne4 exd4 13.Nxf6+ Nxf6 14.Qxd4 Qe7 15.Rfd1 Bg4
16.Qf4  1/2-1/2

[Event "Rubinstein mem"]
[Site "Polanica Zdroj"]
[Date "1988.??.??"]
[Round "13"]
[White "Levitt, Jonathan"]
[Black "Goldin, Alexander"]
[Result "1/2-1/2"]
[WhiteElo "2485"]
[BlackElo "2530"]

1.d4 Nf6 2.c4 e6 3.Nc3 d5 4.Bg5 Be7 5.Nf3 O-O 6.e3 Nbd7 7.Rc1 dxc4 8.Bxc4 a6
9.a4 c5 10.O-O cxd4 11.exd4 Nb6 12.Bb3 Bd7 13.Ne5 Bc6 14.Nxc6 bxc6 15.Qd3 Nbd5
16.Nxd5 Nxd5 17.Bd2 Qd7 18.a5 Nc7 19.Rc4  1/2-1/2

[Event "Rubinstein mem"]
[Site "Polanica Zdroj"]
[Date "1988.??.??"]
[Round "15"]
[White "Goldin, Alexander"]
[Black "Tseitlin, Mikhail S"]
[Result "1/2-1/2"]
[WhiteElo "2530"]
[BlackElo "2455"]

1.d4 e6 2.c4 Nf6 3.Nf3 b6 4.g3 Bb7 5.Bg2 Be7 6.O-O O-O 7.Nc3 Ne4 8.Nxe4 Bxe4
9.Ne1 Bxg2 10.Nxg2 d5 11.Qa4 dxc4 12.Qxc4 c5 13.Be3 cxd4 14.Qxd4 Qxd4 15.Bxd4 Nc6
16.Bc3  1/2-1/2

[Event "Vilnius"]
[Site "Vilnius"]
[Date "1988.??.??"]
[Round "?"]
[White "Khalifman, Alexander"]
[Black "Goldin, Alexander"]
[Result "1/2-1/2"]
[WhiteElo "2505"]
[BlackElo "2500"]

1.e4 e5 2.Nf3 Nc6 3.Bb5 a6 4.Ba4 Nf6 5.O-O Be7 6.Re1 b5 7.Bb3 d6 8.c3 O-O
9.d4 Bg4 10.d5 Na5 11.Bc2 Qc8 12.h3 Bd7 13.Nbd2 c6 14.dxc6 Qxc6 15.Nf1 Nc4
16.a4 Nb6 17.a5 Na4 18.Ne3 Nc5 19.Nf5 Bxf5 20.exf5 Rab8 21.Bg5 b4 22.Nh2 bxc3
23.bxc3 Rfe8 24.Bxf6 Bxf6 25.Ng4 d5 26.Nxf6+ gxf6 27.Re3 Kh8 28.Ba4 Nxa4
29.Rxa4 Rg8 30.Rh4 Rg5  1/2-1/2

[Event "Vilnius"]
[Site "Vilnius"]
[Date "1988.??.??"]
[Round "?"]
[White "Epishin, Vladimir"]
[Black "Goldin, Alexander"]
[Result "1/2-1/2"]
[WhiteElo "2475"]
[BlackElo "2500"]

1.d4 Nf6 2.c4 e6 3.Nf3 d5 4.Nc3 Be7 5.Bg5 O-O 6.e3 Nbd7 7.Rc1 h6 8.Bh4 dxc4
9.Bxc4 a6 10.a4 c5 11.O-O cxd4 12.Nxd4 Ne5 13.Be2 Ng6 14.Bg3 Qb6 15.Qb3 Qa5
16.Qc2 Bd7 17.Rfd1 Rac8 18.Nb3 Qb6 19.a5 Qa7 20.Nd2 Nd5 21.Nc4 Bc6 22.Qb3 Qc5
23.Ne4 Qb5 24.Qxb5 axb5 25.Ncd6 Ra8 26.Nc5 Rxa5 27.Ncxb7 Bxb7 28.Nxb7 Ra2
29.Rc2 Bf6 30.Bxb5 Rxb2 31.Rxb2 Bxb2 32.Bc4 Ra8 33.h4 Nf6 34.f3 Be5 35.Bf2 h5
36.e4 Rb8 37.Nc5 Nf4 38.Bf1 Rb2 39.g3 Ne2+ 40.Bxe2 Rxe2 41.Nd3 Bc7  1/2-1/2

[Event "Vilnius"]
[Site "Vilnius"]
[Date "1988.??.??"]
[Round "?"]
[White "Krasenkow, Michal"]
[Black "Goldin, Alexander"]
[Result "1/2-1/2"]
[WhiteElo "2460"]
[BlackElo "2500"]

1.d4 d6 2.e4 Nf6 3.Nc3 g6 4.f4 Bg7 5.Nf3 O-O 6.Bd3 Nc6 7.d5 Nb4 8.Bc4 c6
9.O-O cxd5 10.exd5 Bf5 11.Bb3 Rc8 12.Kh1 Na6 13.Be3 Nc5 14.Nd4 Qd7 15.Qe1 Rfe8
16.Nxf5 Qxf5 17.Bxc5 dxc5 18.Ba4 Red8 19.Qxe7 Nxd5 20.Nxd5 Qxd5 21.c3  1/2-1/2

[Event "Vilnius"]
[Site "Vilnius"]
[Date "1988.??.??"]
[Round "?"]
[White "Rozentalis, Eduardas"]
[Black "Goldin, Alexander"]
[Result "1/2-1/2"]
[WhiteElo "2520"]
[BlackElo "2500"]

1.e4 c5 2.c3 d5 3.exd5 Qxd5 4.d4 Nf6 5.Nf3 Nc6 6.Be3 cxd4 7.cxd4 e6 8.Nc3 Qd6
9.a3 Be7 10.Bd3 b6 11.O-O Bb7 12.Qe2 O-O 13.Rad1 Rad8 14.Bb1 Nd5 15.Ne4 Qd7
16.Bc1 f5 17.Neg5 Bxg5 18.Nxg5 Nc7 19.Qe3 Nxd4 20.Ba2 h6 21.Nxe6 Ncxe6 22.Bxe6+ Qxe6
23.Rxd4 Qxe3 24.Bxe3 Rxd4 25.Bxd4  1/2-1/2

[Event "Vilnius"]
[Site "Vilnius"]
[Date "1988.??.??"]
[Round "?"]
[White "Goldin, Alexander"]
[Black "Akopian, Vladimir"]
[Result "1-0"]
[WhiteElo "2500"]
[BlackElo "2460"]

1.d4 Nf6 2.c4 g6 3.g3 Bg7 4.Bg2 O-O 5.Nc3 d6 6.Nf3 Nbd7 7.O-O e5 8.e4 c6
9.b3 exd4 10.Nxd4 Nc5 11.h3 Re8 12.Re1 a5 13.Rb1 Nfd7 14.Be3 Ne5 15.Re2 g5
16.Rd2 Qf6 17.f3 h5 18.f4 gxf4 19.gxf4 Bh6 20.Nde2 Bxh3 21.Bxh3 Nf3+ 22.Kg2 Nxd2
23.Qxd2 Nxe4 24.Nxe4 Rxe4 25.Ng3 Re7 26.Nf5 Re4 27.Ng3 Re7 28.Nf5 Re4 29.Kf3 Rae8
30.Bd4 Rxd4 31.Qxd4 Qxd4 32.Nxd4 d5 33.Rg1+ Kh7 34.cxd5 cxd5 35.Bf5+ Kh8
36.Rh1 Kg7 37.Bd3  1-0

[Event "Vilnius"]
[Site "Vilnius"]
[Date "1988.??.??"]
[Round "?"]
[White "Goldin, Alexander"]
[Black "Dreev, Alexey"]
[Result "1/2-1/2"]
[WhiteElo "2500"]
[BlackElo "2485"]

1.d4 e6 2.c4 f5 3.g3 Nf6 4.Bg2 d5 5.Nf3 c6 6.O-O Bd6 7.b3 Qe7 8.Ne5 O-O 9.Bb2 Bd7
10.Qc1 Be8 11.Ba3 Bxa3 12.Qxa3 Qxa3 13.Nxa3 Nbd7 14.Nd3 Bh5 15.Rfe1 a5 16.Rac1 g5
17.Nb1 Ne4 18.f3 Nd6 19.a4 Rae8 20.c5 Nf7 21.f4 gxf4 22.gxf4 Kh8 23.Nd2 Rg8
24.Nf1 Bg4 25.Kf2 Nf6 26.h3 Ne4+ 27.Bxe4 fxe4 28.hxg4 exd3 29.g5 h6 30.exd3 hxg5
31.Ng3 Nh6 32.Rh1 Kh7 33.Nh5 Ref8 34.Rcg1 Rg6 35.Kf3 Kg8 36.Ke2 g4 37.Rh4 Rf7
38.Rg2 Kf8 39.Kd2 Ke8 40.Rg1 Rf8 41.Kc3 Rh8 42.Ng3 Rgg8 43.Rgh1 Nf7 44.b4 Rxh4
45.Rxh4 Rg6 46.bxa5 Nh6 47.Kd2 Kd7 48.Rh5 Nf5 49.Nxf5 exf5 50.Ke2 g3  1/2-1/2

[Event "Vilnius"]
[Site "Vilnius"]
[Date "1988.??.??"]
[Round "?"]
[White "Goldin, Alexander"]
[Black "Gelfand, Boris"]
[Result "1/2-1/2"]
[WhiteElo "2500"]
[BlackElo "2505"]

1.d4 Nf6 2.c4 e6 3.Nf3 d5 4.Nc3 dxc4 5.e4 Bb4 6.Bg5 c5 7.e5 cxd4 8.Qa4+ Nc6
9.O-O-O Bd7 10.Ne4 Be7 11.exf6 gxf6 12.Bh4 Rc8 13.Kb1 Na5 14.Qc2 e5 15.Nxd4 exd4
16.Rxd4 Qb6 17.Rxd7 Kxd7 18.Be2 Ke8 19.Qc3 Rc6 20.Rd1 Re6 21.Bf3 Rg8 22.Rd5 Rxe4
23.Bxe4 Rg4 24.Qxa5 Rxe4 25.Qxb6 axb6 26.Rh5  1/2-1/2

[Event "Vilnius"]
[Site "Vilnius"]
[Date "1988.??.??"]
[Round "?"]
[White "Goldin, Alexander"]
[Black "Janjgava, Lasha"]
[Result "1-0"]
[WhiteElo "2500"]
[BlackElo "2425"]

1.c4 c6 2.d4 d5 3.Nf3 Nf6 4.Qc2 g6 5.Bf4 Bg7 6.e3 O-O 7.Nc3 Bf5 8.Qb3 Qb6
9.h3 Nbd7 10.Be2 Be6 11.c5 Qxb3 12.axb3 Ne4 13.b4 a6 14.g4 h6 15.Rg1 Kh7
16.h4 Nxc3 17.bxc3 f5 18.gxf5 gxf5 19.Bd3 Nf6 20.Ne5 Nh5 21.Bh2 Rg8 22.Kd2 Nf6
23.Rg6 Raf8 24.Kc2 Bc8 25.Rag1 Ne4 26.R6g2 Nf6 27.Kb3 Ne4 28.f3 Nf6 29.Ka4 Nd7
30.Ka5 Nf6 31.Ng6 Re8 32.Be5  1-0

[Event "Vilnius"]
[Site "Vilnius"]
[Date "1988.??.??"]
[Round "?"]
[White "Goldin, Alexander"]
[Black "Malisauskas, Vidmantas"]
[Result "1-0"]
[WhiteElo "2500"]
[BlackElo "2390"]

1.d4 Nf6 2.c4 g6 3.g3 Bg7 4.Bg2 d5 5.cxd5 Nxd5 6.e4 Nb4 7.d5 c6 8.a3 N4a6
9.Nc3 cxd5 10.exd5 Nd7 11.Nf3 Nb6 12.O-O O-O 13.Bf4 Nc7 14.d6 exd6 15.Qxd6 Ne6
16.Rad1 Bd7 17.Be5 Bc6 18.Qb4 Qc8 19.Bxg7 Kxg7 20.Ne4 Nd5 21.Qc4 Rd8 22.Nd4 Nxd4
23.Rxd4 Nf6 24.Nd6 Qc7 25.Rfd1 Rd7 26.Bxc6 Qxc6 27.Qxc6 bxc6 28.Rc1 Rad8
29.Rxc6 Kf8 30.Nb5 Rxd4 31.Nxd4 Rxd4 32.Rxf6 Rd2 33.b4 a5 34.bxa5 Rd5 35.Rf3 Rxa5
36.Re3 Rc5 37.Re1 Ra5 38.Ra1 Ke7 39.a4 Kd6 40.Kg2 Kc5 41.Kf3 Kd4 42.Re1 Kd5
43.Re7 f5 44.Rxh7 Rxa4 45.Rg7 Ra3+ 46.Kf4 Ra2 47.f3 Rxh2 48.Rxg6 Rf2 49.Rf6  1-0

[Event "Vilnius"]
[Site "Vilnius"]
[Date "1988.??.??"]
[Round "?"]
[White "Goldin, Alexander"]
[Black "Serper, Grigory"]
[Result "1/2-1/2"]
[WhiteElo "2500"]
[BlackElo "2450"]

1.d4 Nf6 2.c4 c6 3.Nc3 d6 4.Nf3 Nbd7 5.g3 e5 6.Bg2 Be7 7.O-O O-O 8.Qc2 Re8
9.b3 Bf8 10.e4 a6 11.Rd1 b5 12.c5 exd4 13.Nxd4 dxc5 14.Nf5 Qc7 15.h3 c4 16.bxc4 bxc4
17.Ne3 Ne5 18.f4 Nd3 19.Nxc4 Nxc1 20.Raxc1 Be6 21.Na4 Rad8 22.e5 Nd5 23.a3 g6
24.Qf2 Rb8 25.Nc5 Bxc5 26.Qxc5 Rb5 27.Qd4 Reb8 28.Nd6 Rb3 29.Bxd5 Bxd5 30.Qxd5 Rxg3+
31.Kh2 Rbb3 32.Rxc6 Rxh3+ 33.Kg2 Rhg3+ 34.Kf2 Rgf3+ 35.Kg2 Rg3+ 36.Kh2 Rh3+
37.Kg2 Rhg3+ 38.Kh2 Rh3+ 39.Kg2  1/2-1/2

[Event "Vilnius"]
[Site "Vilnius"]
[Date "1988.??.??"]
[Round "?"]
[White "Goldin, Alexander"]
[Black "Shabalov, Alexander"]
[Result "1-0"]
[WhiteElo "2500"]
[BlackElo "2400"]

1.d4 d5 2.c4 c6 3.Nf3 e6 4.Nc3 Nf6 5.Bg5 dxc4 6.e4 b5 7.e5 h6 8.Bh4 g5 9.exf6 gxh4
10.Ne5 Qxf6 11.g3 Bg7 12.Bg2 O-O 13.Nxb5 Nd7 14.Nxc6 Bb7 15.O-O Bxc6 16.Bxc6 Rad8
17.Qa4 Nb8 18.Bg2 a6 19.Na3 hxg3 20.hxg3 Qg5 21.Nxc4 Bxd4 22.Rad1 Rd7 23.Qb3 Rfd8
24.Rd2 Qc5 25.Rc2 Qf5 26.Nd2 a5 27.Nf3 Bf6 28.Rc4 Rd3 29.Qc2 Qb5 30.Rb1 Na6
31.Bf1 Nb4 32.Bxd3 Rxd3 33.Rg4+ Kh7 34.Qc8 Bg7 35.Rf4 Qd5 36.Nh4 f5 37.Re1 Rd1
38.Rxd1 Qxd1+ 39.Kh2 Qe2 40.Qe8 Nd3 41.Qg6+ Kg8 42.Rc4 Nc5 43.b3 Qxf2+ 44.Ng2 Kf8
45.b4 axb4 46.Rxb4 Bd4 47.Rb1 Ke7 48.Qxh6 Ne4 49.Qf4 Qxa2 50.Rb7+ Kf6 51.Qc7 Kg5
52.Qd8+ Kg4 53.Qxd4 Qe2 54.Qe3  1-0

[Event "Vilnius"]
[Site "Vilnius"]
[Date "1988.??.??"]
[Round "?"]
[White "Goldin, Alexander"]
[Black "Smirin, Ilia"]
[Result "1-0"]
[WhiteElo "2500"]
[BlackElo "2510"]

1.d4 Nf6 2.Nf3 g6 3.c4 Bg7 4.g3 O-O 5.Bg2 d6 6.Nc3 c6 7.O-O Qa5 8.e4 Be6
9.Qe2 Qh5 10.h4 Nbd7 11.Bd2 a6 12.a4 Bg4 13.Qe3 c5 14.d5 e6 15.Ne2 exd5 16.Nf4 Qh6
17.exd5 Nh5 18.Qb3 Ne5 19.Bc1 Nxf4 20.Bxf4 Qh5 21.Nxe5 Bxe5 22.Bxe5 Qxe5
23.Rfe1 Qf6 24.Re4 Bf5 25.Re3 Rae8 26.Rae1 Rxe3 27.Rxe3 Qd4 28.Re7 Bd3 29.Bf1 Bxf1
30.Kxf1 Rb8 31.h5 Kf8 32.Rd7 Qg4 33.Rxd6 Re8 34.Qc3 Kg8 35.Kg2 Qd4 36.Qxd4 cxd4
37.Rb6 Rc8 38.d6 Kf8 39.d7 Rd8 40.Rd6 Ke7 41.Rxd4 Rxd7 42.Rxd7+ Kxd7 43.b4  1-0

[Event "Leningrad-chT"]
[Site "Leningrad"]
[Date "1989.??.??"]
[Round "?"]
[White "Goldin, Alexander"]
[Black "Klovans, Janis"]
[Result "1/2-1/2"]
[WhiteElo "2525"]
[BlackElo "2355"]

1.d4 d5 2.c4 e6 3.Nc3 Nf6 4.Bg5 Be7 5.e3 O-O 6.Nf3 h6 7.Bxf6 Bxf6 8.Qb3 c6
9.Rd1 Nd7 10.Bd3 Nb6 11.O-O dxc4 12.Bxc4 Nxc4 13.Qxc4 Be7 14.Ne5 Bd7 15.Ne4 Be8
16.a3 Qd5 17.Qc2 Rc8 18.Nc3 Qd8 19.f4 Rc7 20.Rf2 Qc8 21.Rfd2 f6 22.Ng6 Bxg6
23.Qxg6 Qe8 24.Qe4 Bd6 25.Rc1 Qf7 26.Na4 Rd8 27.Rdc2 Re7 28.h3 Qh5 29.Nc5 Bxc5
30.Rxc5 Rd5 31.b4 Rxc5 32.Rxc5 Qd1+ 33.Kh2 Qb3 34.b5 Qxa3 35.bxc6 bxc6 36.Rxc6 Qb3
37.Qg6 Qb7 38.Rc5 Qd7 39.h4 Rf7 40.Qc2 f5 41.Qa2 Kh7 42.Re5 Rf6 43.Ra5 Rf7
44.Ra6 Re7 45.g3 Qe8 46.Rxa7 Qh5  1/2-1/2

[Event "Leningrad-chT"]
[Site "Leningrad"]
[Date "1989.??.??"]
[Round "?"]
[White "Viksni, I."]
[Black "Goldin, Alexander"]
[Result "0-1"]
[WhiteElo "2285"]
[BlackElo "2525"]

1.e4 c5 2.c3 d6 3.d4 Nf6 4.dxc5 Nc6 5.f3 d5 6.exd5 Nxd5 7.c4 Qa5+ 8.Bd2 Ndb4
9.a3 Bf5 10.Bc3 Qa6 11.Nd2 Nc2+ 12.Kf2 Nxa1 13.Qxa1 e5 14.b4 Nd4 15.Bxd4 exd4
16.Ne2 O-O-O 17.Nxd4 Qf6 18.N2b3 Bg6 19.Be2 Be7 20.Nb5 Kb8 21.Qc1 Bd3 22.Nc3 Qh4+
23.g3 Qxc4 24.Na5 Qd4+ 25.Kg2 Bxe2 26.Nxe2 Qd2 27.Kf2 Rhe8 28.Qxd2 Rxd2 29.Re1 Rc2
30.f4 Bf6 31.Kf3 b6 32.cxb6 axb6 33.Nb3 Ra2 34.Rd1  0-1

[Event "Leningrad-chT"]
[Site "Leningrad"]
[Date "1989.??.??"]
[Round "?"]
[White "Zhuravliov, Valerij"]
[Black "Goldin, Alexander"]
[Result "1-0"]
[WhiteElo "2350"]
[BlackElo "2525"]

1.e4 c5 2.c3 d6 3.d4 Nf6 4.dxc5 Nc6 5.f3 d5 6.exd5 Nxd5 7.Bc4 e6 8.Bxd5 exd5
9.Be3 Qh4+ 10.Bf2 Qg5 11.Kf1 Be7 12.Ne2 O-O 13.Qd2 Qf5 14.Nd4 Qg6 15.Na3 Bxc5
16.Nxc6 Bxa3 17.Nxa7 Bd7 18.bxa3 b6 19.h4 h6 20.h5 Qd6 21.Qb2 Rxa7 22.Qxb6 Qxb6
23.Bxb6 Rb7 24.Bc5 Rc8 25.Bb4 d4 26.cxd4 Rc2 27.Kg1 Bc6 28.Rf1 Rb5 29.Rh4 Rxa2
30.Rc1 Bd7 31.Rc5 Rb8 32.Re4 Ra1+ 33.Kf2 Rd1 34.d5 Rd8 35.Re1 Rd3 36.Re3 Rd1
37.Ra5 Rc8 38.d6 Be6 39.Rc5 Rb8 40.Rc7 Rd8 41.g4 Rb8 42.Ke2 Rd5 43.Rd3 Rbb5
44.Rxd5 Rxd5 45.Ke3 Rd1 46.Re7 Rd5 47.a4  1-0

[Event "Leningrad-chT"]
[Site "Leningrad"]
[Date "1989.??.??"]
[Round "?"]
[White "Korsunsky, Rostislav R"]
[Black "Goldin, Alexander"]
[Result "0-1"]
[WhiteElo "2390"]
[BlackElo "2525"]

1.d4 Nf6 2.c4 e6 3.Nc3 Bb4 4.Qc2 c5 5.dxc5 Bxc5 6.Nf3 Qb6 7.e3 Qc7 8.b3 a6
9.Bb2 b6 10.Bd3 Bb7 11.Ne4 Bb4+ 12.Ke2 Be7 13.Bxf6 Bxf6 14.Nxf6+ gxf6 15.Be4 Nc6
16.Qb2 Ke7 17.Nd4 Ne5 18.Bxb7 Qxb7 19.Nf3 d6 20.Rhd1 Qc6 21.Rac1 h5 22.Rd2 Rhg8
23.Nxe5 fxe5 24.g3 h4 25.Rcd1 Rad8 26.Qa3 a5 27.Qa4 Qg2 28.Kd3 Qxh2 29.Qc6 hxg3
30.Rh1 gxf2 31.Rdd1 Rg1 32.Kc3 Rxd1 33.Rxd1 Qh3  0-1

[Event "Moscow-A"]
[Site "Moscow"]
[Date "1989.??.??"]
[Round "?"]
[White "Campora, Daniel H"]
[Black "Goldin, Alexander"]
[Result "1/2-1/2"]
[WhiteElo "2500"]
[BlackElo "2535"]

1.e4 e5 2.Nf3 Nc6 3.Nc3 Nf6 4.Bb5 Nd4 5.Nxd4 exd4 6.e5 dxc3 7.exf6 Qxf6 8.dxc3 Qe5+
9.Qe2 Qxe2+ 10.Bxe2 d5 11.Bf4 c6 12.a4 Be6 13.a5 O-O-O 14.O-O Bd6 15.Be3 a6
16.Bd3 c5 17.Rfb1 c4 18.Bf1 Bf5 19.Rc1 Rhe8 20.g3 h5 21.Rd1 Be4 22.Rd2 h4
23.Ba7 hxg3 24.Bh3+ Kc7 25.hxg3 Kc6 26.Bb6 Rh8 27.Bg2 Bxg2 28.Kxg2 Rde8 29.Rad1 Rh5
30.b3 cxb3 31.cxb3 Re6 32.Rd4 Re4 33.R4d2 Bc5 34.Bxc5 Kxc5 35.f4 Kc6 36.Kf3 Re6
37.Rd4 Rg6 38.R1d3 Rh3 39.Kg2 Rh5 40.c4 dxc4 41.Rxc4+ Rc5 42.Rxc5+ Kxc5 43.Rd7 b5
44.axb6 Rxb6 45.Rxf7 g6 46.f5 gxf5 47.Rxf5+ Kd4 48.Rf3 Rg6 49.Kh3 Ke4 50.Rf4+ Ke5
51.Kh4 Rb6 52.b4 Rb8 53.Kg4 Rc8 54.Kf3 Rc3+ 55.Kg2 Rc7 56.Kh3 Rc8 57.Rh4 Kf5
58.Rh5+ Kg6 59.Ra5 Rc6 60.g4 Rb6 61.Ra4 Rc6 62.Kh4 Rd6 63.Kg3 Rf6 64.Kh3 Kh6  1/2-1/2

[Event "Moscow-A"]
[Site "Moscow"]
[Date "1989.??.??"]
[Round "?"]
[White "Goldin, Alexander"]
[Black "Chekhov, Valery A"]
[Result "1-0"]
[WhiteElo "2535"]
[BlackElo "2480"]

1.Nf3 d5 2.c4 dxc4 3.e3 c5 4.Bxc4 e6 5.O-O a6 6.b3 Be7 7.Bb2 Bf6 8.Nc3 b5
9.Be2 Bb7 10.Qc2 Nd7 11.a4 b4 12.Nd1 Rc8 13.e4 Qc7 14.Rc1 Ne7 15.d3 Bxb2
16.Qxb2 O-O 17.Ne3 a5 18.Rc2 Ba6 19.Rfc1 Qd6 20.e5 Qb8 21.Nc4 Bxc4 22.Rxc4 Nd5
23.Bf1 Nc3 24.Re1 Rfd8 25.Qc1 Nf8 26.h4 Rd5 27.h5 Rc7 28.Rg4 Qd8 29.Qf4 Nd7
30.Qg3 Qf8 31.d4 cxd4 32.Bc4 d3 33.Bxd5 Nxd5 34.Nd2 Rc3 35.Rd4 Nc5 36.h6 g6
37.Qg5 Rc2 38.Kh2 f6 39.exf6 Qxf6 40.Rxd5 Qxg5 41.Rxg5 Rxd2 42.Rxc5 Rxf2
43.Rxe6  1-0

[Event "Moscow-A"]
[Site "Moscow"]
[Date "1989.??.??"]
[Round "?"]
[White "Goldin, Alexander"]
[Black "Dreev, Alexey"]
[Result "1/2-1/2"]
[WhiteElo "2535"]
[BlackElo "2520"]

1.d4 d5 2.c4 c6 3.Nf3 Nf6 4.Nc3 e6 5.cxd5 exd5 6.Bg5 Be7 7.Qc2 O-O 8.e3 Re8
9.Bd3 Nbd7 10.O-O Nf8 11.Ne5 Ng4 12.Bxe7 Qxe7 13.Nxg4 Bxg4 14.Bf5 Bxf5 15.Qxf5 Qe6
16.Qxe6 fxe6 17.Rac1 Nd7 18.Rfd1  1/2-1/2

[Event "Moscow-A"]
[Site "Moscow"]
[Date "1989.??.??"]
[Round "?"]
[White "Vyzmanavin, Alexey"]
[Black "Goldin, Alexander"]
[Result "1/2-1/2"]
[WhiteElo "2550"]
[BlackElo "2535"]

1.d4 Nf6 2.c4 e6 3.Nf3 Bb4+ 4.Bd2 Qe7 5.g3 b6 6.Bg2 Bb7 7.O-O Bxd2 8.Qxd2 d6
9.Nc3 Ne4 10.Nxe4 Bxe4 11.Qf4 f5 12.Ng5 Bxg2 13.Kxg2 O-O 14.d5 e5 15.Qh4 h6
16.Ne6 Rf6 17.f4 e4 18.Qh5 Rf7 19.g4 fxg4 20.Qxg4 Nd7 21.f5 Qf6 22.b3 Qe5
23.Rad1 b5 24.f6 Nxf6 25.Qg6 Qb2 26.Kh1 Re8 27.Rf5 Ree7 28.Rg1 Nd7 29.Rh5 Qxe2
30.Nf4 Qf2 31.Rxh6 Nf8 32.Qh5 Qxg1+ 33.Kxg1 gxh6  1/2-1/2